000 00307nam a2200121Ia 4500
005 20251028132345.0
008 251020t2010||||xx |||||||||||||| ||spa||
041 _aspa
100 _aFranciskovic Ingunza, Beatriz A.
245 0 _aManual del curso de derecho de obligaciones
260 _c2010
942 _CLB
_cLB
999 _c924
_d924